[Event "Muensterland Verbandsklasse 1617"]
[Site "Germany"]
[Date "2017.03.04"]
[Round "7.4"]
[White "Kadenbach, Wolfgang"]
[Black "Meyborg, Matthias"]
[Result "0-1"]
[WhiteElo "1728"]
[BlackElo "1748"]
[PlyCount "77"]
[EventDate "2016.09.24"]
[EventType "team"]
[EventRounds "9"]
[EventCountry "GER"]
[SourceTitle "EXT 2018"]
[Source "ChessBase"]
[SourceDate "2017.10.13"]
[SourceVersion "1"]
[SourceVersionDate "2017.10.13"]
[SourceQuality "1"]
[WhiteTeam "Raesfeld Erle II"]
[BlackTeam "Muenster SK V"]
[WhiteTeamCountry "GER"]
[BlackTeamCountry "GER"]

1. d4 Nf6 2. c4 e5 3. dxe5 Ng4 4. Bf4 Nc6 5. Nf3 Bb4+ 6. Nbd2 Qe7 7. a3 Ngxe5 8. Nxe5 Nxe5 9. e3 Bxd2+ 10. Qxd2 b6 11. Be2 Bb7 12. 0-0 d6 13. b4 Ng6 14. Rfe1 0-0 15. Bg3 Rfe8 16. Rad1 Rad8 17. Qc3 Qg5 18. f4 Qe7 19. Bf3 Bxf3 20. gxf3 h5 21. h3 h4 22. Bf2 Qe6 23. Kh2 c6 24. Rg1 d5 25. c5 bxc5 26. bxc5 Rb8 27. Rg2 Rb7 28. Rdg1 Reb8 29. Qd4 Rb3 30. Rg5 Kf8 31. f5 Qe5+ 32. f4 Qxd4 33. exd4 Nxf4 34. Re1 Nxh3 35. Rh5 Kg8 36. Bxh4 Nf4 37. Rg5 Rh3+ 38. Kg1 Rxh4 39. f6 0-1